Bitka o víno kráľov a kráľa vín Slovensko-maďarské spory o značku Tokaj sa ťahajú už 31 rokov

Medzištátne rokovania v priebehu rokov 1965 až 1967 v bývalom Československu venované problematike vývozu resp. premenovania "československého" tokajského vína. Spory s maďarskou stranou o ochrannú značku tokajského vína. Počiatky pestovania viniča a rozloha Tokajskej oblasti. Produkcia tokajských v...

Descrizione completa

Salvato in:
Dettagli Bibliografici
Autore principale: Matejovič, R.
Natura: Capitolo di libro
Lingua:slovacco
Soggetti:
Tags: Aggiungi Tag
Nessun Tag, puoi essere il primo ad aggiungerne!!

MARC

LEADER 00000naa a2200000 4500
001 r018482
005 20221205102627.1
041 0 |a slo 
044 |a SK 
245 1 0 |a Bitka o víno kráľov a kráľa vín  |b Slovensko-maďarské spory o značku Tokaj sa ťahajú už 31 rokov  |c R. Matejovič 
520 |a Medzištátne rokovania v priebehu rokov 1965 až 1967 v bývalom Československu venované problematike vývozu resp. premenovania "československého" tokajského vína. Spory s maďarskou stranou o ochrannú značku tokajského vína. Počiatky pestovania viniča a rozloha Tokajskej oblasti. Produkcia tokajských vín. Výrobca tokajských vín š.p. Tokaj Slovenské Nové Mesto. Vývoz slovenských tokajských vín za rok 1994. 
610 2 0 |a víno 
610 2 0 |a vinohradníctvo 
610 2 0 |a Tokaj, š.p. Slovenské Nové Mesto 
610 2 0 |a vývoz 
610 2 0 |a Slovensko 
610 2 0 |a známky ochranné 
610 2 0 |a Tokaj 
100 1 |a Matejovič, R.